00766nam a2200169Ia 4500001000700000008004100007020001800048082001300066100003200079245015100111260003500262300003800297503000800335505013800343650008100481700003400562Z_5374220601s9999 xx 000 0 und d a968-860-450-X a641.1 M8 aMuñoz de Chávez, Miriam aTablas de valor nutritivo de los alimentos : edición internacional Español - Inglés / Miriam Muñoz de Chávez y Adolfo Chávez Villasana aMéxico, D.F. : Pax México a330 p.: ilus. ; gráfs. ; tablas ac/e aIncluye diskett de 3.5 Base de datos de composición química y valor nutritivo de los alimentos de mayor consumo en México 1997. aAlimentos - Valor nutritivo \ Nutrición - Tablas \ Alimentos - Análisis  aChávez Villasana, AdolfoÌ